संदर्भ दलित चळवळीचा (Record no. 113831)

MARC details
000 -LEADER
fixed length control field 00635nam a2200181Ia 4500
008 - FIXED-LENGTH DATA ELEMENTS--GENERAL INFORMATION
fixed length control field 090124s9999 xx 000 0 und d
082 ## - DEWEY DECIMAL CLASSIFICATION NUMBER
Item number 47480
100 ## - MAIN ENTRY--PERSONAL NAME
Personal name भोळे भास्कर लक्ष्मण
245 ## - TITLE STATEMENT
Title संदर्भ दलित चळवळीचा
250 ## - EDITION STATEMENT
Edition statement 1
260 ## - PUBLICATION, DISTRIBUTION, ETC. (IMPRINT)
Date of publication, distribution, etc 2008
300 ## - PHYSICAL DESCRIPTION
Extent 229
600 ## - SUBJECT ADDED ENTRY--PERSONAL NAME
Personal name भोळे भास्कर लक्ष्मण
630 ## - SUBJECT ADDED ENTRY--UNIFORM TITLE
Uniform title संदर्भ दलित चळवळीचा
700 ## - ADDED ENTRY--PERSONAL NAME
Personal name भोळे भास्कर लक्ष्मण
730 ## - ADDED ENTRY--UNIFORM TITLE
Uniform title संदर्भ दलित चळवळीचा
942 ## - ADDED ENTRY ELEMENTS (KOHA)
Koha item type Book

No items available.